000 00901cam a2200325 i 4500
001 41204
003 ARRUPE
005 20141202150422.0
008 810311s1978 enkb b 001 0 eng
010 _a 79309991
015 _aGB78-36524
020 _a0860360172 :
_c£8.50
035 _a(OCoLC)5312240
035 _a(OCoLC)ocm05312240
035 _a(CStRLIN)NYCG22257411-B
035 _a(NNC)41204
040 _cgf
043 _af-mz---
050 0 _aDT459
_b.H46 1978
082 _a967/.9
090 _aDT459
_b.H46 1978
100 1 _aHenriksen, Thomas H.
_913009
245 1 0 _aMozambique :
_ba history /
_c[by] Thomas H. Henriksen.
260 _aLondon :
_bCollings [etc.],
_c1978.
300 _axi, 276 p. :
_bmaps ;
_c24 cm.
504 _aIncludes bibliographical references and index.
651 0 _aMozambique
_xHistory.
_913010
942 _2lcc
_cMONOGRAPH
999 _c121372
_d121372